Corporate Logos (A-Z) Quiz Stats

 Plays Quiz Updated Mar 6, 2018

Also try: Corporate Logos
Challenge
Share
Tweet
Score 0/26 Timer 05:00
0 Plays Today
Corporation % Correct
Apple
99.6%
Facebook
98.4%
Google
98%
Nike
97.9%
Kentucky Fried Chicken
97.6%
Yahoo!
97.2%
Honda
97.2%
Pepsi
97%
Twitter
96.3%
Volkswagen
92.9%
Motorola
89.2%
Walt Disney Studios
88%
Dairy Queen
82.1%
Corporation % Correct
Chevron
66.4%
Reebok
62.3%
ING Group
59.9%
Liberty Mutual
56.1%
Xerox
41.2%
United Airlines
40.5%
Safeway
37.9%
Jamba Juice
35.2%
Boeing
33%
Qantas
31.8%
Zillow
18.6%
OfficeMax
17.1%
Estée Lauder
16.4%

You're not logged in!

Compare scores with friends on all Sporcle quizzes.
OR
Log In

You Might Also Like...

Show Comments

Extras

Top Quizzes Today


Score Distribution

Your Account Isn't Verified!

In order to create a playlist on Sporcle, you need to verify the email address you used during registration. Go to your Sporcle Settings to finish the process.

Report this User

Report this user for behavior that violates our Community Guidelines.

Details: